Histoire du colportage en Europe : XVe-XIVe siecle
Αποθηκεύτηκε σε:
| Κύριος συγγραφέας: | |
|---|---|
| Μορφή: | Βιβλίο |
| Γλώσσα: | French |
| Δημοσίευση: |
Paris :
Albin Michel,
1993
|
| Σειρά: | Evolution de l'humanite
|
| Θέματα: | |
| Ετικέτες: |
Προσθήκη ετικέτας
Δεν υπάρχουν, Καταχωρήστε ετικέτα πρώτοι!
|
MARC
| LEADER | 00000nam a2200000 i 4500 | ||
|---|---|---|---|
| 001 | 1/21037 | ||
| 008 | 970703s1993 fre d | ||
| 020 | |a 2-226-06605-5 | ||
| 035 | |a 1994 |b 3 |c Ζερβού |l 10036189 | ||
| 035 | |a 1995 |b 2 |c Ζερβού | ||
| 040 | |a GR-MY-UA |b gre |e aacr | ||
| 041 | 0 | |a fre | |
| 082 | 0 | |a 940.5 | |
| 100 | 1 | |a Fontaine, Laurence. | |
| 245 | 1 | 0 | |a Histoire du colportage en Europe : |b XVe-XIVe siecle / |c Laurence Fontaine |
| 260 | |a Paris : |b Albin Michel, |c 1993 | ||
| 300 | |a 334 p. | ||
| 490 | 1 | |a Evolution de l'humanite | |
| 650 | 0 | 0 | |a Peddlers and peddling |z Europe |x History. |
| 830 | 0 | |a Evolution de l'humanite | |
| 852 | |a INST |b RHODES |e 19970715 |h 940.5 FON |p 005400005429 |q 005400005429 |t BK |y 0 | ||
| 852 | |a INST |b RHODES |e 19970703 |h 940.5 FON |p 005400005449 |q 005400005449 |t BK |y 0 | ||
| 909 | |a Ρ |b 037194 |c 1994 | ||
| 909 | |a Ρ |b 041949 |c 1995 | ||